Kisah-kisah wanita teladan
| Corporate Author: | |
|---|---|
| Other Authors: | |
| Format: | Book |
| Published: |
Selangor :
Pustaka Ilmi ,
2001
|
| Subjects: |
MARC
| LEADER | 00000cam a2200000 7i4500 | ||
|---|---|---|---|
| 001 | 0000013577 | ||
| 005 | 20080118.0 | ||
| 008 | 080118 | ||
| 020 | |a 983988834X | ||
| 090 | 0 | 0 | |a 297.64 |b KIS |
| 245 | 1 | 0 | |a Kisah-kisah wanita teladan |c Penyusun Muhammad Baihaqi |
| 260 | |a Selangor : |b Pustaka Ilmi , |c 2001 | ||
| 600 | 0 | 0 | |a Muhammad, Prophet |x Family |x Companions |
| 650 | 0 | |a Women, Muslim |x Religious life |x Islam | |
| 700 | 0 | |a Muhammad Baihaqi | |
| 710 | 0 | |a Title | |
| 999 | |a 0001008798 |b Book |c Adult Collection |e Perbadanan Perpustakaan Awam Johor | ||